00651nam a2200229Ia 4500008004100000020001800041050001600059100001900075245001300094245002600107245002300133260001300156260001900169260000900188300001500197300002000212300001000232300004300242440000800285999001900293952010900312170918s9999 xx 000 0 und d a9781408312964 bM482pr 2011 aMeadows, Daisy aElisa :  bthe adventure fairy / cby Fdaisy Meadows. aLondon : bOrchard Books, c2011 a73 pages : billustrations ; c19cm. eRainbow magic : the princess fairies ; a109 c344350d344350 001040aSSISMbSSISMd2017-09-18l0oGS FIC M482pr 2011pSSISM3422r2017-09-18 00:00:00w2017-09-18yBK